| 000 | 01537nam a22002415a 4500 | ||
|---|---|---|---|
| 001 | SSB062266 SSB004523 | ||
| 003 | SISC | ||
| 005 | 20160822140018.0 | ||
| 008 | |||
| 020 | _a9781446249178 | ||
| 050 | 4 |
_aHA 32 _b.F453 2013 |
|
| 100 | 1 | _aField, Andy P. | |
| 245 | 1 | 0 |
_aDiscovering statistics using IBM SPSS statistics : _band sex and drugs and rock 'n' roll / _cAndy Field. |
| 250 | _a4th edition. | ||
| 260 |
_aLos Angeles : _bSage, _c2013. |
||
| 300 |
_axxxvi, 915 pages : _bcolor illustrations ; _c27 cm. |
||
| 504 | _aIncludes bibliographical references and index. | ||
| 505 |
_tWhy is my evil lecturer forcing me to learn statistics? -- _tEverything you never wanted to know about statistics -- _tThe IBM SPSS statistics environment -- _tExploring data with graphs -- _tTHe beast of bias -- _tNon-parametric models -- _tCorrelation -- _tRegression -- _tComparing two means -- _tModeration, mediation and more regression -- _tComparing several means: ANOVA (GLM 1) -- _tAnalysis of covariance, ANCOVA (GLM 2) -- Factorial ANOVA (GLM 3) -- _tRepeated-measures designs (GLM 4) -- _tMixed design ANOVA (GLM 5) -- _tMultivariate analysis of variance (MANOVA) -- _tExploratory factor analysis -- _tCategorical data -- _tLogistic regression -- _tMultilevel linear models -- _tEpilogie : life after discovering statistics. |
||
| 630 | 0 | 0 |
_aSPSS (Computer file) _vHandbooks, manuals, etc. |
| 630 | 0 | 0 | _aSPSS for Windows. |
| 650 | 0 |
_aSocial sciences _xStatistical methods _xComputer programs. |
|
| 942 |
_2lcc _cBK _kFOR |
||
| 999 |
_c276727 _d276727 |
||